000 00303nam a22001337a 4500
008 181017b xxu||||| |||| 00| 0 eng d
020 _a9780765703545
041 _aeng
080 _a331.101
100 _a52
101 _aBNJ
245 _aBehavioral Management Guide
_cWarren,M.P
942 _2udc
_cBK
999 _c50043
_d50043